00814nam a2200157Ia 4500008004100000020001500041050001800056100004400074245012900118260004400247300003000291505020900321650003800530700004200568700004600610120625s2000 sp 001 0 spa d a8479784199 4aHF5667 bV551 aVila Espeso, Miguel Ángel e , autor 10aAuditorías internas de la calidad c : Miguel Ángel Vila Espeso, Roberto Escuder Vallés, Rosalía Romero Rodríguez  aEspañab : Díaz de Santos c , 2000 a98 páginas c ; 21 cm. 0 aNormalización de las auditorías Concepto de auditoría Clases de auditoría El equipo auditor El proceso de la auditoría Las no conformidades Entrevistas y reuniones Muestreo estadístico  4aCONTROL DE CALIDAD xAUDITORÍA 1 aEscuder Vallés, Roberto e , autor 1 aRomero Rodríguez, Rosalía e , autor